000
00304nam a2200121Ia 4500
008
240624s9999 xx 000 0 und d
041
_a
eng
082
_a
650 ICF
100
_a
ICFAI
245
_a
CORPORATE SOCIAL RESPONSIBILITY AT ONGC
260
_c
2006
_a
Hyderabad
_b
ICFAI
300
_a
22 : p. : cm. ; 30
999
_c
11714
_d
11714